| 000 | 00337nam a2200097Ia 4500 | ||
|---|---|---|---|
| 008 | 220204s9999 xx 000 0 und d | ||
| 082 |
_a331:331.578(540) _bREP;1 |
||
| 245 | 0 | _aReport of the committee to study the working and service conditions of sweepers and scavengers | |
| 260 |
_aDelhi _bnational Commission on labour _c1969 |
||
| 942 | _cBK | ||
| 999 |
_c22057 _d22057 |
||